000 00658nam a2200241Ia 4500
003 OSt
005 20221005081421.0
006 a|||||r|||| 00| 0
007 ta
008 221004b |||||||| |||| 00| 0 eng d
024 _a78944
037 _cTextual
040 _aCRL
_cCRL
_beng
041 _2eng
_aeng
082 _aR3xN28,NH, N7
100 _aIkeda Daisaku
245 0 _aNew humanism for the coming century
260 _aNew Delhi
_bRajiv Gandhi Institute for Contemporary Studies India
_c1997
300 _a32p.
_ccm.
650 _aPHILOSOPHY
942 _hR3xN28,NH, N7
_cTEXL
_2cc
999 _c987665
_d987665